Score 0/16 Timer 04:00
0 Plays Today
Scrambled Movie Answer % Correct
DOGO LIWL UTNHNIGGOOD WILL HUNTING
93.6%
ESYJRE LIRGJERSEY GIRL
92.6%
GASCHIN MAYCHASING AMY
89.6%
HTE MUS FO LAL RAFESTHE SUM OF ALL FEARS
88.6%
HKSERSAEPAE NI VOLESHAKESPEARE IN LOVE
87.3%
TEATS FO YALPSTATE OF PLAY
85.1%
COLSHO SITESCHOOL TIES
66.1%
Actor starring in these films:BEN AFFLECK
65.8%
Scrambled Movie Answer % Correct
HET OPNCMAY NEMTHE COMPANY MEN
62.8%
RAEDNAMGDOARMAGEDDON
61.6%
DERINERE MAGESREINDEER GAMES
61.3%
RAPEL ABRHROPEARL HARBOR
60.4%
HNIGCAGN ENALSCHANGING LANES
58.3%
OCSFRE FO AUENTRFORCES OF NATURE
43%
CUNOBEBOUNCE
41.4%
READLIVEDDAREDEVIL
32.9%

You're not logged in!

Compare scores with friends on all Sporcle quizzes.
OR
Log In

Sporcle TV

Today on Sporcle TV


Watch our educational content, quiz creation guides, and fun videos on Sporcle TV.

Show Comments

Extras

Top Quizzes Today


Score Distribution

Paid Content

Your Account Isn't Verified!

In order to create a playlist on Sporcle, you need to verify the email address you used during registration. Go to your Sporcle Settings to finish the process.

Report this User

Report this user for behavior that violates our Community Guidelines.

Details: